| 000 | 00522nam a2200193Ia 4500 | ||
|---|---|---|---|
| 003 | GCL | ||
| 008 | 140319s9999 xx 000 0 eng d | ||
| 040 |
_aGCL / _cGCL |
||
| 082 | 0 | 4 |
_a372.86 _bT S |
| 100 | 1 | _aTOLUHI, JOSEPH O. | |
| 245 | 1 | 0 |
_aSTARTING PHYSICAL EDUCATION IN PRIMARY SCHOOLS / _cTOLUHI, JOSEPH O. |
| 260 |
_a[S.N] : _bEVANS. BROTHERS LIMITED ، _c1980 |
||
| 300 | _a75 P | ||
| 650 | 0 | 4 | _aTEACHING |
| 650 | 0 | 4 | _aPHYSICAL EDUCATION |
| 650 | 0 | 4 | _aPRIMARY SCHOOLS |
| 650 | 0 | 4 | _aEDUCATION |
| 942 |
_2ddc _cBK |
||
| 999 |
_c21254 _d21254 |
||